[Event "Ciudad de Santa Fe op"]
[Site "Ciudad de Santa Fe"]
[Date "2019.08.03"]
[Round "3.1"]
[White "Herrmann, Roman"]
[Black "Servat, Roberto"]
[Result "1/2-1/2"]
[WhiteElo "2103"]
[BlackElo "2443"]
[PlyCount "63"]
[EventDate "2019.08.02"]
[EventType "swiss"]
[EventRounds "6"]
[EventCountry "ARG"]
[SourceTitle "EXT 2024"]
[Source "ChessBase"]
[SourceDate "2023.10.10"]
[SourceVersion "1"]
[SourceVersionDate "2023.10.10"]
[SourceQuality "1"]

1. d4 Nf6 2. c4 e6 3. Nc3 Bb4 4. a3 Bxc3+ 5. bxc3 d6 6. e3 e5 7. Bd3 0-0 8. Ne2 Re8 9. Ng3 Nc6 10. 0-0 b6 11. Qf3 Bb7 12. d5 Na5 13. e4 h6 14. Nf5 Bc8 15. Be3 Bxf5 16. Qxf5 Qc8 17. Qxc8 Raxc8 18. f3 c6 19. dxc6 Re7 20. Rfd1 Rxc6 21. c5 dxc5 22. Bb5 Rc8 23. Ba6 Ra8 24. Ra2 Rd7 25. Rxd7 Nxd7 26. Rd2 Nf6 27. g4 g5 28. h4 Nh7 29. hxg5 hxg5 30. Rd5 Re8 31. Rd7 Ra8 32. Rd5 1/2-1/2

[Event "Ciudad de Santa Fe op"]
[Site "Ciudad de Santa Fe"]
[Date "2019.08.02"]
[Round "1.1"]
[White "Ghiotto, Mario"]
[Black "Servat, Roberto"]
[Result "0-1"]
[WhiteElo "1631"]
[BlackElo "2443"]
[PlyCount "66"]
[EventDate "2019.08.02"]
[EventType "swiss"]
[EventRounds "6"]
[EventCountry "ARG"]
[SourceTitle "EXT 2024"]
[Source "ChessBase"]
[SourceDate "2023.10.10"]
[SourceVersion "1"]
[SourceVersionDate "2023.10.10"]
[SourceQuality "1"]

1. e4 c5 2. Nf3 d6 3. d4 cxd4 4. Nxd4 Nf6 5. Nc3 a6 6. h3 e6 7. Bd3 b5 8. a3 Bb7 9. 0-0 Be7 10. Bg5 Nbd7 11. Qd2 Rc8 12. Rfe1 0-0 13. Nf3 Qc7 14. Bf4 Ne5 15. Nxe5 dxe5 16. Be3 Rfd8 17. f3 Nd7 18. Qe2 Nc5 19. Rad1 h6 20. Kh1 Bh4 21. Nxb5 axb5 22. Bxb5 f5 23. exf5 e4 24. Rxd8+ Bxd8 25. f4 Bf6 26. Rb1 exf5 27. b4 Ne6 28. g3 Qxc2 29. Qxc2 Rxc2 30. a4 Bd4 31. Bxd4 e3+ 32. Kg1 Nxd4 33. Bd3 Nf3+ 0-1

[Event "Ciudad de Santa Fe op"]
[Site "Ciudad de Santa Fe"]
[Date "2019.08.02"]
[Round "2.1"]
[White "Servat, Roberto"]
[Black "Vazquez, Sebastian"]
[Result "1-0"]
[WhiteElo "2443"]
[BlackElo "1842"]
[PlyCount "57"]
[EventDate "2019.08.02"]
[EventType "swiss"]
[EventRounds "6"]
[EventCountry "ARG"]
[SourceTitle "EXT 2024"]
[Source "ChessBase"]
[SourceDate "2023.10.10"]
[SourceVersion "1"]
[SourceVersionDate "2023.10.10"]
[SourceQuality "1"]

1. e4 c5 2. Nf3 e6 3. d4 cxd4 4. Nxd4 a6 5. c4 Qc7 6. Nc3 Nf6 7. Be2 b6 8. 0-0 Bb7 9. Qd3 Be7 10. f4 d6 11. f5 e5 12. Nc2 Nbd7 13. Ne3 Qc5 14. Rd1 h5 15. a3 a5 16. b3 h4 17. h3 Nh5 18. Bxh5 Rxh5 19. Kf1 Nf6 20. a4 Rd8 21. Ba3 Qd4 22. Qxd4 exd4 23. Rxd4 Rg5 24. Rad1 Rg3 25. Kf2 g5 26. Bxd6 Rxd6 27. Rxd6 Nxe4+ 28. Nxe4 Bxe4 29. f6 1-0

[Event "Santa Fe Litoral op"]
[Site "Santa Fe"]
[Date "2018.10.26"]
[Round "2.4"]
[White "Servat, Roberto"]
[Black "Mizzau, Pablo"]
[Result "0-1"]
[WhiteElo "2442"]
[BlackElo "2101"]
[PlyCount "100"]
[EventDate "2018.10.26"]
[EventType "swiss"]
[EventRounds "6"]
[EventCountry "ARG"]
[SourceTitle "EXT 2024"]
[Source "ChessBase"]
[SourceDate "2023.10.10"]
[SourceVersion "1"]
[SourceVersionDate "2023.10.10"]
[SourceQuality "1"]

1. e4 e5 2. Nf3 Nc6 3. Bb5 a6 4. Ba4 Nf6 5. 0-0 Nxe4 6. d4 b5 7. Bb3 d5 8. dxe5 Be6 9. Nbd2 Nc5 10. c3 d4 11. Bxe6 Nxe6 12. cxd4 Ncxd4 13. a4 Be7 14. Nxd4 Nxd4 15. Ne4 Rb8 16. Be3 Ne6 17. Qc2 0-0 18. Rad1 Qc8 19. f4 f5 20. exf6 Bxf6 21. f5 Nd8 22. a5 Nb7 23. b4 Nd6 24. Bc5 Be7 25. Ng3 Rf7 26. Qb3 Qf8 27. Bxd6 Bxd6 28. Ne4 Kh8 29. Ng5 Rf6 30. g4 Bxb4 31. Ne6 Qe7 32. g5 Rf7 33. Qh3 Rff8 34. Nxf8 Qxg5+ 35. Qg3 Qxg3+ 36. hxg3 Rxf8 37. Rd7 Bxa5 38. g4 h6 39. Kg2 Bb6 40. Re1 Ba5 41. Ree7 Bc3 42. Rxc7 Bf6 43. Re6 Rb8 44. Rxa6 b4 45. Rca7 b3 46. Ra8 Rxa8 47. Rxa8+ Kh7 48. Rb8 b2 49. Kf3 Be5 50. Ke4 Bxb8 0-1

[Event "Santa Fe-ch"]
[Site "Santa Fe"]
[Date "2018.09.18"]
[Round "5.1"]
[White "Acosta, Raul ER"]
[Black "Servat, Roberto"]
[Result "0-1"]
[WhiteElo "2048"]
[BlackElo "2440"]
[PlyCount "84"]
[EventDate "2018.09.04"]
[EventType "swiss"]
[EventRounds "7"]
[EventCountry "ARG"]
[SourceTitle "EXT 2024"]
[Source "ChessBase"]
[SourceDate "2023.10.10"]
[SourceVersion "1"]
[SourceVersionDate "2023.10.10"]
[SourceQuality "1"]

1. c4 e5 2. Nc3 Nf6 3. g3 d5 4. cxd5 Nxd5 5. Bg2 Nb6 6. Nf3 Nc6 7. d3 Be7 8. Be3 0-0 9. 0-0 Re8 10. Rc1 Bf8 11. Ne4 Nd4 12. Nc5 Bxc5 13. Rxc5 Qd6 14. Rc1 c6 15. Nd2 Be6 16. Ne4 Qe7 17. b3 Bd5 18. f3 Rad8 19. Nc5 Nc8 20. Bf2 b6 21. Ne4 c5 22. e3 Ne6 23. Qc2 Bb7 24. Rfd1 f5 25. Nd2 f4 26. Nc4 Qf6 27. e4 Ne7 28. g4 Nc6 29. h4 Nb4 30. Qe2 Nd4 31. Qd2 Ba6 32. Kh2 Rd7 33. Kh3 Red8 34. Bxd4 Rxd4 35. Bf1 Bc8 36. a3 Nc6 37. Be2 h5 38. Rg1 Kf7 39. Rh1 Rh8 40. Qe1 hxg4+ 41. fxg4 g5 42. h5 f3 0-1

[Event "Parana Dos Orillas 7th"]
[Site "Parana"]
[Date "2018.08.03"]
[Round "1.1"]
[White "Servat, Roberto"]
[Black "Grospietro, Patricio Alejandro"]
[Result "1-0"]
[WhiteElo "2440"]
[BlackElo "1740"]
[PlyCount "49"]
[EventDate "2018.08.03"]
[EventType "swiss"]
[EventRounds "6"]
[EventCountry "ARG"]
[SourceTitle "EXT 2024"]
[Source "ChessBase"]
[SourceDate "2023.10.10"]
[SourceVersion "1"]
[SourceVersionDate "2023.10.10"]
[SourceQuality "1"]

1. e4 e6 2. d4 d5 3. Nc3 Nf6 4. e5 Nfd7 5. f4 c5 6. Nf3 Nc6 7. Be3 Be7 8. Qd2 a6 9. Be2 0-0 10. 0-0 cxd4 11. Nxd4 Nxd4 12. Bxd4 f6 13. exf6 Nxf6 14. Rae1 Bd7 15. Bf3 Qa5 16. f5 Bb4 17. fxe6 Bb5 18. Rf2 Bxc3 19. Bxc3 Qb6 20. Bxf6 Rxf6 21. Bxd5 Kh8 22. Qe3 Qxe3 23. Rxe3 Raf8 24. Rxf6 gxf6 25. Rf3 1-0

[Event "Parana Dos Orillas 7th"]
[Site "Parana"]
[Date "2018.08.03"]
[Round "2.1"]
[White "Zamora, Martin"]
[Black "Servat, Roberto"]
[Result "0-1"]
[WhiteElo "1883"]
[BlackElo "2440"]
[PlyCount "54"]
[EventDate "2018.08.03"]
[EventType "swiss"]
[EventRounds "6"]
[EventCountry "ARG"]
[SourceTitle "EXT 2024"]
[Source "ChessBase"]
[SourceDate "2023.10.10"]
[SourceVersion "1"]
[SourceVersionDate "2023.10.10"]
[SourceQuality "1"]

1. d4 Nf6 2. c4 e6 3. Nc3 Bb4 4. f3 c5 5. d5 d6 6. e4 0-0 7. Bd3 Nbd7 8. f4 exd5 9. cxd5 Re8 10. Nge2 Nxe4 11. 0-0 Nef6 12. Ng3 Nb6 13. Nge4 Bf5 14. Ng5 Bxd3 15. Qxd3 c4 16. Qf3 Bxc3 17. bxc3 Nbxd5 18. Rb1 Qc7 19. Rd1 Qc5+ 20. Kf1 Re7 21. a4 a6 22. Rd4 Rae8 23. Bd2 b6 24. Nh3 b5 25. axb5 axb5 26. Rd1 Ne3+ 27. Bxe3 Rxe3 0-1

[Event "La Pobla de Lillet op"]
[Site "La Pobla de Lillet"]
[Date "1998.??.??"]
[Round "6"]
[White "Moreno Sanchis, Jordi Alex"]
[Black "Servat, Roberto"]
[Result "0-1"]
[WhiteElo "2315"]
[BlackElo "2425"]
[PlyCount "40"]
[EventDate "1998.??.??"]
[EventType "swiss"]
[EventRounds "9"]
[EventCountry "ESP"]
[SourceTitle "EXT 2004"]
[Source "ChessBase"]
[SourceDate "2003.11.25"]
[SourceVersion "1"]
[SourceVersionDate "2003.11.25"]
[SourceQuality "1"]

1. Nf3 d5 2. c4 dxc4 3. e4 c5 4. Bxc4 Nc6 5. 0-0 e6 6. Nc3 a6 7. a4 Nf6 8. Re1 Be7 9. e5 Nd7 10. d3 b6 11. Bf4 g5 12. Bg3 g4 13. Nd2 h5 14. f3 Ndxe5 15. Kh1 Ng6 16. fxg4 h4 17. Bf2 h3 18. g3 Bb7 19. Kg1 Qd7 20. Nde4 Nd4 0-1

[Event "Mondariz op"]
[Site "Mondariz"]
[Date "1998.??.??"]
[Round "?"]
[White "Rausis, Igors"]
[Black "Servat, Roberto"]
[Result "1/2-1/2"]
[WhiteElo "2520"]
[BlackElo "2425"]
[PlyCount "81"]
[EventDate "1998.??.??"]
[EventType "swiss"]
[EventRounds "9"]
[EventCountry "ESP"]
[SourceTitle "EXT 2002"]
[Source "ChessBase"]
[SourceDate "2001.11.25"]
[SourceVersion "1"]
[SourceVersionDate "2001.11.25"]
[SourceQuality "1"]

1. d4 d5 2. c4 e6 3. Nf3 Nf6 4. g3 Be7 5. Bg2 0-0 6. 0-0 dxc4 7. Qc2 a6 8. Qxc4 b5 9. Qc2 Bb7 10. Bg5 Nbd7 11. Bxf6 Nxf6 12. Nbd2 Rc8 13. Nb3 c5 14. dxc5 a5 15. a4 b4 16. Rfd1 Qc7 17. Nfd4 Bxg2 18. Kxg2 Bxc5 19. Nxc5 Qxc5 20. Qxc5 Rxc5 21. Rac1 Nd7 22. Nc6 Ra8 23. Rxc5 Nxc5 24. Nxa5 Nxa4 25. Nc4 Rc8 26. Ra1 Nc5 27. Ra7 f6 28. f3 h5 29. h4 Nb3 30. Ne3 Rd8 31. Rc7 Rd2 32. Rc2 Rd7 33. Kf2 e5 34. Rc4 Rd2 35. Rc2 Rd7 36. Rc8+ Kf7 37. Rc4 Rd2 38. Rc2 Rd7 39. Rc4 Rd2 40. Rc2 Rd7 41. Rc4 1/2-1/2

[Event "Nigran op"]
[Site "Nigran"]
[Date "1998.??.??"]
[Round "3"]
[White "Servat, Roberto"]
[Black "Garcia Castro, Pablo"]
[Result "1-0"]
[WhiteElo "2425"]
[BlackElo "2180"]
[PlyCount "61"]
[EventDate "1998.??.??"]
[EventType "swiss"]
[EventRounds "9"]
[EventCountry "ESP"]
[SourceTitle "EXT 2004"]
[Source "ChessBase"]
[SourceDate "2003.11.25"]
[SourceVersion "1"]
[SourceVersionDate "2003.11.25"]
[SourceQuality "1"]

1. e4 e5 2. Nf3 d6 3. d4 exd4 4. Qxd4 Nc6 5. Bb5 Nge7 6. Bg5 h6 7. Bh4 Qd7 8. Qd2 a6 9. Ba4 b5 10. Bb3 Qg4 11. 0-0 g5 12. Bg3 Bg7 13. Nc3 0-0 14. Rfe1 Be6 15. Nd5 Rac8 16. c3 Qh5 17. Re3 Ng6 18. Nd4 Nce5 19. Nf5 Rfe8 20. Bxe5 Bxe5 21. Rh3 Nh4 22. Bd1 Bxf5 23. exf5 g4 24. Bxg4 Qxg4 25. Rg3 Qxg3 26. hxg3 Nxf5 27. Re1 c6 28. Ne3 Nxe3 29. Qxe3 Re6 30. Qf3 d5 31. Rxe5 1-0

[Event "Nigran op"]
[Site "Nigran"]
[Date "1998.??.??"]
[Round "7"]
[White "Servat, Roberto"]
[Black "Garcia Melgar, Juan Pablo"]
[Result "0-1"]
[WhiteElo "2425"]
[BlackElo "2230"]
[PlyCount "60"]
[EventDate "1998.??.??"]
[EventType "swiss"]
[EventRounds "9"]
[EventCountry "ESP"]
[SourceTitle "EXT 2004"]
[Source "ChessBase"]
[SourceDate "2003.11.25"]
[SourceVersion "1"]
[SourceVersionDate "2003.11.25"]
[SourceQuality "1"]

1. e4 c5 2. Nf3 Nc6 3. d4 cxd4 4. Nxd4 Nf6 5. Nc3 e5 6. Ndb5 d6 7. Bg5 a6 8. Na3 b5 9. Bxf6 gxf6 10. Nd5 Bg7 11. c3 f5 12. exf5 Bxf5 13. Nc2 Be6 14. g3 0-0 15. Bg2 Rc8 16. 0-0 f5 17. Qh5 Ne7 18. Rad1 Ng6 19. Rd2 Rc5 20. Rfd1 e4 21. Qe2 Ne5 22. Nce3 Nd3 23. f3 Bxd5 24. Nxd5 Rxd5 25. fxe4 Qb6+ 26. Kh1 fxe4 27. Bxe4 Nf2+ 28. Kg2 Nxe4 29. Qxe4 Rxd2+ 30. Rxd2 Be5 0-1

[Event "Mondariz op"]
[Site "Mondariz"]
[Date "1998.??.??"]
[Round "?"]
[White "Servat, Roberto"]
[Black "Perez Candelario, Manuel"]
[Result "1-0"]
[WhiteElo "2425"]
[BlackElo "2150"]
[PlyCount "81"]
[EventDate "1998.??.??"]
[EventType "swiss"]
[EventRounds "9"]
[EventCountry "ESP"]
[SourceTitle "EXT 2002"]
[Source "ChessBase"]
[SourceDate "2001.11.25"]
[SourceVersion "1"]
[SourceVersionDate "2001.11.25"]
[SourceQuality "1"]

1. e4 c5 2. Nf3 e6 3. d4 cxd4 4. Nxd4 a6 5. Bd3 Bc5 6. Nb3 Ba7 7. Qe2 Ne7 8. Be3 d6 9. 0-0 e5 10. c4 Nbc6 11. Bxa7 Rxa7 12. Qe3 Be6 13. Nc3 0-0 14. Rfd1 b6 15. Rd2 Rd7 16. Rad1 Kh8 17. Nd5 Nc8 18. Nc1 Nd4 19. Ne2 Bxd5 20. cxd5 Nxe2+ 21. Bxe2 a5 22. Rc2 Ne7 23. Rdc1 f5 24. Bd3 g6 25. Qh3 Ra7 26. exf5 gxf5 27. Qh6 e4 28. Be2 Nxd5 29. Rd2 Nf6 30. Qf4 Ne8 31. Bb5 Rc7 32. Rcd1 Rf6 33. Bxe8 Qxe8 34. Rxd6 Rxd6 35. Qxd6 Rc6 36. Qd4+ Kg8 37. g3 Qe6 38. Qd8+ Kg7 39. h4 Qf6 40. Rd7+ Kg6 41. Qg8+ 1-0

[Event "Orense op"]
[Site "Orense"]
[Date "1997.??.??"]
[Round "8"]
[White "Kolev, Atanas"]
[Black "Servat, Roberto"]
[Result "1/2-1/2"]
[WhiteElo "2530"]
[BlackElo "2460"]
[PlyCount "90"]
[EventDate "1997.??.??"]
[EventType "swiss"]
[EventRounds "9"]
[EventCountry "ESP"]
[SourceTitle "EXT 1999"]
[Source "ChessBase"]
[SourceDate "1998.11.16"]
[SourceVersion "1"]
[SourceVersionDate "1998.11.16"]
[SourceQuality "1"]

1. Nf3 Nf6 2. c4 e6 3. Nc3 Bb4 4. Qc2 0-0 5. a3 Bxc3 6. Qxc3 b6 7. b4 Bb7 8. Bb2 d6 9. e3 Nbd7 10. d4 a5 11. Be2 axb4 12. axb4 Rxa1+ 13. Bxa1 c5 14. 0-0 Qc7 15. Bb2 Rc8 16. dxc5 bxc5 17. b5 Nb6 18. Ra1 Ra8 19. Rxa8+ Bxa8 20. Qa5 Nfd7 21. Nd2 Qb8 22. Qa1 e5 23. Bc3 h6 24. Bd3 Bb7 25. h3 Qa8 26. Qxa8+ Bxa8 27. Ba5 Kf8 28. e4 Ke7 29. Nf1 h5 30. Ne3 g6 31. Kh2 Bb7 32. h4 Kd8 33. f3 Kc7 34. Nd1 Bc8 35. Nc3 Kb7 36. Kg3 Nf8 37. Nd5 Nxd5 38. exd5 Bf5 39. Bxf5 gxf5 40. Bd8 Nd7 41. Kf2 f4 42. Ke2 f5 43. Bg5 Nb6 44. Kd3 Kc7 45. Kc3 Kd7 1/2-1/2

[Event "Clarin GP op"]
[Site "Villa Martelli"]
[Date "1997.??.??"]
[Round "7"]
[White "Llanos, Guillermo"]
[Black "Servat, Roberto"]
[Result "1-0"]
[WhiteElo "2360"]
[BlackElo "2460"]
[PlyCount "69"]
[EventDate "1997.??.??"]
[EventType "swiss"]
[EventRounds "9"]
[EventCountry "ARG"]
[SourceTitle "EXT 1999"]
[Source "ChessBase"]
[SourceDate "1998.11.16"]
[SourceVersion "1"]
[SourceVersionDate "1998.11.16"]
[SourceQuality "1"]

1. d4 Nf6 2. c4 e6 3. Nc3 Bb4 4. Qc2 0-0 5. a3 Bxc3+ 6. Qxc3 b6 7. Nf3 Bb7 8. e3 d6 9. b4 Nbd7 10. Bb2 a5 11. Be2 axb4 12. axb4 Rxa1+ 13. Bxa1 Qe7 14. 0-0 Ra8 15. Bb2 Qd8 16. Qb3 Ra7 17. Ra1 Rxa1+ 18. Bxa1 Qa8 19. Bb2 c5 20. bxc5 bxc5 21. Qa3 Qc8 22. dxc5 Nxc5 23. Nd4 h6 24. Nb5 Qc6 25. Bf3 Qb6 26. Bxb7 Qxb7 27. Nxd6 Qc6 28. Bd4 Nfd7 29. Nb5 Ne4 30. Qc1 f5 31. Ba7 Ndc5 32. Qc2 Nf6 33. h3 Nce4 34. f3 Ng5 35. e4 1-0

[Event "Orense op"]
[Site "Orense"]
[Date "1997.??.??"]
[Round "6"]
[White "Lorenzo Duran, Marcos"]
[Black "Servat, Roberto"]
[Result "0-1"]
[WhiteElo "2195"]
[BlackElo "2460"]
[PlyCount "96"]
[EventDate "1997.??.??"]
[EventType "swiss"]
[EventRounds "9"]
[EventCountry "ESP"]
[SourceTitle "EXT 1999"]
[Source "ChessBase"]
[SourceDate "1998.11.16"]
[SourceVersion "1"]
[SourceVersionDate "1998.11.16"]
[SourceQuality "1"]

1. e4 c5 2. c3 d5 3. exd5 Qxd5 4. d4 Nf6 5. Nf3 Bg4 6. Be2 e6 7. 0-0 cxd4 8. cxd4 Nc6 9. Nc3 Qd6 10. Nb5 Qd8 11. Bf4 Nd5 12. Bg3 Be7 13. Rc1 0-0 14. Ne5 Bxe2 15. Qxe2 Rc8 16. Nxc6 Rxc6 17. Rxc6 bxc6 18. Nc3 Qb6 19. Rd1 Rd8 20. Na4 Qb5 21. Qxb5 cxb5 22. Nc5 h5 23. h3 Nb4 24. Nb3 Bf6 25. Rc1 Nd3 26. Rc2 h4 27. Bh2 Bxd4 28. Rd2 Bb6 29. Kf1 a5 30. Ke2 a4 31. Rxd3 Rxd3 32. Kxd3 axb3 33. a3 Bxf2 34. Kc3 f6 35. Bd6 Be1+ 36. Kxb3 e5 37. a4 bxa4+ 38. Kxa4 Kf7 39. b4 Ke6 40. Bf8 g5 41. b5 e4 42. b6 e3 43. b7 Bg3 44. Kb5 e2 45. Bb4 Kd5 46. Kb6 Kc4 47. Ba5 Kd3 48. Ka7 Kc2 0-1